000 00341 a2200145 4500
001 153617
040 _cEscola São Tomás de Aquino
100 _aGALDINO, Luiz
240 1 0 _aMistério na casa das Runas
_lpor
245 1 0 _aMistério na casa das Runas
362 0 _a1996
440 1 _aFTD
697 _a*LITERATURA JUVENIL
942 _cBK
999 _c153617
_d153617